01719nam a2200457 i 450000100060000000300090000600500170001500800410003201500180007302000150009103500210010604000280012704600090015508000110016408000110017508000120018610000260019824500960022426000700032030000330039033600270042333700540045033800280050438000160053238000270054838500390057538800100061450400230062452101890064765000230083665000410085965000400090065500300094065500230097065800430099365800280103665000160106470000270108071000560110785600980116344733KOSZ 00520230119143716.0040129s2003 pl a f |000 0 pol  aPB 2006/22776 a8371992718 a(OCoLC)749447438 aWA NcWA NdKOSZ 005/HR k2003 a004.42 a004.92 a(075.8)1 aKoper, Marcin.eAutor00aModelowanie bryłowe w systemie Unigraphics :blaboratorium /cMarcin Koper, Mariusz Mucha. aRzeszów :bOficyna Wydawnicza Politechniki Rzeszowskiej,c2003. a150, [1] s. :bil. ;c24 cm. 2rdacontentaTekstbtxt 2rdamediaaBez urządzenia pośredniczącegobn 2rdacarrieraWoluminbnc aKsiążki aPublikacje dydaktyczne mPoziom nauczaniaaSzkoły wyższe a2001- aBibliogr s. [151].8 aSkrypt uczelniany dla Wydziału Budowy Maszyn i Lotnictwa do ćwiczeń laboratoryjnych z przedmiotów: Komputerowe wspomaganie wytwarzania, Systemy CAD/CAM, Systemy CAD/NC, CAD/CAM. 4aProgramy graficzne 4aProjektowanie wspomagane komputerowo 4aKomputerowe wspomaganie wytwarzania 4aPodręczniki akademickie 4aRysunek techniczny aInformatyka i technologie informacyjne aInżynieria i technika 4aUnigraphics1 aMucha, Mariusz.eAutor2 aOficyna Wydawnicza Politechniki Rzeszowskiej.4pbl. uhttp://koha.tu.koszalin.pl/cgi-bin/koha/opac-detail.pl?biblionumber=44733yKatalog online BPK